00627nam a2200193Ia 4500001001000000003000500010008004100015010001100056040000900067082002000076100002100096245009200117260000800209300001000217500011600227650003900343700002400382700002700406Para_3367CHAP220125s1945 xx 000 0 und d a201956 cCHAP aPA-C 338.17 A68 aQuintero, Miguel aLa erosión del suelo /c Miguel Quintero, Eduardo Terra Orocena y Daniel Rey Vercesi a:b a10 h. aSobretiro de la Chacra, 1945. Encuadernado con: Apuntes de la clase de lecheria y laboratorio/César A. Rivera aErosión Suelos x Degradación aRey Vercesi, Daniel aTerraprocena, Eduardo